000 00442nam a2200157Ia 4500
005 20250923144345.0
008 008 250917s9999 xx 000 0 eng d
037 _aTextual
040 _aDSWL
_beng
_cDSWL
041 _aeng
_2eng
084 _aZQ7, H9
_qDSWL
100 _aFurdunji, D.Shah
_9824043
245 0 _aPrinciple of Mohomdan law
_cby D.Shah Furdunji
942 _cTEXL
_hZQ7, H9
999 _c1437849
_d1437849